Dynamics of electricity supply and demand in Kerala: a macro econometric analysis (Record no. 351151)

000 -LEADER
fixed length control field 00397cam a22001217a 4500
008 - FIXED-LENGTH DATA ELEMENTS--GENERAL INFORMATION
fixed length control field 180718b1981 xxu||||| |||| 00| 0 eng d
082 ## - DEWEY DECIMAL CLASSIFICATION NUMBER
Classification number V5x5453 P644
100 ## - MAIN ENTRY--PERSONAL NAME
Personal name Pillai, P.P.
245 ## - TITLE STATEMENT
Title Dynamics of electricity supply and demand in Kerala: a macro econometric analysis
Statement of responsibility, etc. by P.P. Pillai
260 ## - PUBLICATION, DISTRIBUTION, ETC.
Place of publication, distribution, etc. New Delhi
Name of publisher, distributor, etc. Agricole
Date of publication, distribution, etc. 1981
300 ## - PHYSICAL DESCRIPTION
Extent 102p.
650 ## - SUBJECT ADDED ENTRY--TOPICAL TERM
Topical term or geographic name entry element Electric utilities - India - Kerala
Holdings
Withdrawn status Lost status Damaged status Not for loan Permanent Location Current Location Date acquired Full call number Barcode Date last seen Price effective from Koha item type
        Indian Institute of Public Administration Indian Institute of Public Administration 1993-11-10 V5x5453 P644 58553 2018-07-21 2018-07-21 Book

Powered by Koha